• AIU
  • Tony Wilmot Memorial Library

Establishing instructional goals (Record no. 35202)

MARC details
000 -LEADER
fixed length control field 00812nam a22002411a 4500
001 - CONTROL NUMBER
control field 78083136
005 - DATE AND TIME OF LATEST TRANSACTION
control field 20140620020003.0
008 - FIXED-LENGTH DATA ELEMENTS--GENERAL INFORMATION
fixed length control field 700319s1970 njua 000 0 eng
020 ## - INTERNATIONAL STANDARD BOOK NUMBER
International Standard Book Number 0132892642
021 ## -
-- 0132892561
040 ## - CATALOGING SOURCE
Original cataloging agency DLC
Transcribing agency DLC
Modifying agency DLC
050 00 - LIBRARY OF CONGRESS CALL NUMBER
Classification number LB1027
Item number .P717
082 00 - DEWEY DECIMAL CLASSIFICATION NUMBER
Classification number LB 1027.P717 1970
100 1# - MAIN ENTRY--PERSONAL NAME
Personal name Popham, W. James.
245 10 - TITLE STATEMENT
Title Establishing instructional goals
Statement of responsibility, etc [by] W. James Popham [and] Eva L. Baker.
Designation of section section/part/series: (SE) [OBSOLETE] [by] W. James Popham [and] Eva L. Baker.
Medium [Text]
260 ## - PUBLICATION, DISTRIBUTION, ETC. (IMPRINT)
Place of publication, distribution, etc Englewood Cliffs, NJ
Name of publisher, distributor, etc Prentice-Hall
Date of publication, distribution, etc [1970]
300 ## - PHYSICAL DESCRIPTION
Extent xvii, 130 p. illus. 24 cm.
650 #0 - SUBJECT ADDED ENTRY--TOPICAL TERM
Topical term or geographic name as entry element Teaching
General subdivision Handbooks, manuals, etc.
700 1# - ADDED ENTRY--PERSONAL NAME
Personal name Baker, Eva L.,
Relator term joint author.
906 ## - LOCAL DATA ELEMENT F, LDF (RLIN)
a 7
b cbc
c orignew
d u
e ncip
f 19
g y-gencatlg
991 ## -
-- c-GenColl
-- LB1027
-- .P717
-- Copy 1
-- BOOKS
942 00 - ADDED ENTRY ELEMENTS (KOHA)
Koha issues (borrowed), all copies 1
Holdings
Withdrawn status Lost status Source of classification or shelving scheme Damaged status Not for loan Collection code Home library Current library Shelving location Date acquired Source of acquisition Cost, normal purchase price Total Checkouts Total Renewals Full call number Barcode Date last seen Date checked out Copy number Price effective from Koha item type
    Library of Congress Classification     General Circulation AIU/NEGST - Tony Wilmot Memorial Library AIU/NEGST - Tony Wilmot Memorial Library General Stacks 10/11/2010 Donation 14.95 3 3 LB 1027.P717 1970 R13510A3232 09/02/2019 06/19/2014 1 10/11/2010 Books